000 00717nam a2200229Ia 4500
003 GCL
008 140319s9999 xx 000 0 ara d
040 _aGCL /
_cGCL
082 0 4 _a953.0738
_bا ق
100 1 _aاسماعيل الميرغنى
245 1 0 _aالقرامطة والحركة القرمطية فى التاريخ /
_cاسماعيل الميرغنى
260 _a[S.N] :
_bدار مكتبة الهلال للطباعة والنشر ،
_c1983
300 _a252
490 _a
650 0 4 _aالاسلام
650 0 4 _aالخوارج
650 0 4 _aالتاريخ الاسلامى
650 0 4 _aالشيعة
650 0 4 _aالقرامطة
650 0 4 _aعلم الكلام
942 _2ddc
_cBK
999 _c55464
_d55464